000 00289nam a22001337a 4500
020 _a978-184422-607-8
082 _a823
_bHIL/S
100 _aHILL, ERIC
245 _aSPOT'S CAMPING TRIP
260 _aENGLAND
_bLADY BIRD
300 _a29
650 _aENGLISH SHORT STORY
_zUK
942 _cBK
999 _c2636
_d2636